00356nam a2200157Ia 45000010006000000050017000060080041000230410008000640820017000721000022000892450029001112600009001403000033001496500008001826540008001901349520260306164805.0260306t2017||||xx |||||||||||||| ||spa|| aESP a004.368bK92 aKuhn, RolandeAUT 0aReactive design patterns c2017 axxv, 359 páginas :c23 cm. aGEN aCCC